Avez vu vous le film Prête-moi ta main ? - Statistiques

Statistiques générales
  • Ce quiz a été pris 44 fois
  • Le résultat moyen est 9 sur 10
Statistiques - réponses
Question Réponse % Correct
Quel acteur interprète Luis ? Alain Chabat
100%
Quelle actrice interprète Emmanuelle ? Charlotte Gainsbourg
100%
Quelle est le prénom du père de Luis, dont il ne faut absolument pas se moquer ? Hercule
100%
Comment les soeurs de Luis surnomment son meilleur ami, Pierre-Yves ? La pince
100%
Comment est surnommé Luis par sa mère et ses soeurs ? Pipou
100%
Quelle est le vrai travail d'Emmanuelle Restauratrice de meubles
100%
Que décident la mère et les soeurs à propos de Luis, l'obligeant à engager Emmanuelle ? De lui trouver une femme
91%
Lors de quelle occasion Geneviève fait-elle un malaise ? Au mariage de Luis et Emmanuelle
73%
De quelle nationalité est l'enfant que Luis et Emmanuelle adoptent ? Brésilien
64%
Quelle insulte répète le perroquet de Francis, le gérant de l'entreprise de parfum Tahar ? "Enculé"
64%
Aucun quiz correspondant
Distribution des résultats
% des personnes avec chaque résultat
Percentile par nombre de réponses
Votre historique - résultats
Vous n’avez pas pris ce quiz